000 01526cam a22003977a 4500
003 CHAP
005 20220329142101.0
008 990603d1999 mx b r 00110 spa d
010 _a78135
011 _a79107
035 _a89259
040 _cCHAP
090 _aTesis
100 0 0 _aSánchez Torres, Yolanda.
_9107891
245 1 0 _aValoración del impacto socioeconómico de la hidroeléctrica Zimapán en las comunidades de Zimapán, Hidalgo y Cadereyta, Querétaro
_c/por Yolanda Sánchez Torres.
260 _aChapingo, Méx. :
_bEl autor,
_c1999.
300 _a144 h. :
_bmapas
502 _aTesis (M.C. en Economía del Desarrollo Rural) -- UACH. División de Ciencias Económico Administrativas
590 _aALEPH
_b10
_c20130110
_lUCH01
_h1429
590 _aBATCH-UPD
_b10
_c20130110
_lUCH01
_h0350
590 _aBATCH-UPD
_b10
_c20130110
_lUCH01
_h2101
590 _aBATCH-UPD
_b10
_c20130410
_lUCH01
_h0023
590 _aBATCH-UPD
_b10
_c20130410
_lUCH01
_h1622
590 _aBATCH-UPD
_b10
_c20130914
_lUCH01
_h1306
590 _aCONVERSION
_b10
_c20130109
_lUCH01
_h1343
650 1 4 _aEnergía eléctrica.
_936901
650 1 4 _aEnergía hidráulica.
_936905
650 1 4 _aPlantas hidroeléctricas.
_988999
650 1 4 _aPresa hidroelectrica Zimapán.
_991442
901 _aBK
905 _aAlejandra Carrasco M.
942 _cFOLL
949 _bBC
_cTES
_d33724000714671
_eTS2
_fc.2
_h34105
_i89259
_sb
949 _bBC
_cTES
_d33724000747861
_eTS2
_fc.3
_h35902
_i89259
_si
949 _bBC
_cTES
_d892591
_eTS1
_h34104
_i89259
_sb
999 _c78135
_d78135